Giant Brains or machines that think
Gardado en:
| Autor Corporativo: | |
|---|---|
| Formato: | Libro |
| Idioma: | Undetermined |
| Publicado: |
New York
John Willey and Sons
1950
|
| Những chủ đề: | |
| Các nhãn: |
Engadir etiqueta
Sen Etiquetas, Sexa o primeiro en etiquetar este rexistro!
|
| Thư viện lưu trữ: | Trung tâm Học liệu Trường Đại học Cần Thơ |
|---|
| LEADER | 00527nam a2200193Ia 4500 | ||
|---|---|---|---|
| 001 | CTU_84095 | ||
| 008 | 210402s9999 xx 000 0 und d | ||
| 082 | |a 651.264 | ||
| 082 | |b E24 | ||
| 110 | |a Edmund Callis Berkeley | ||
| 245 | 0 | |a Giant Brains or machines that think | |
| 245 | 0 | |c Edmund Callis Berkeley | |
| 260 | |a New York | ||
| 260 | |b John Willey and Sons | ||
| 260 | |c 1950 | ||
| 650 | |a Computer | ||
| 650 | |x Popular works | ||
| 904 | |i QHieu(sửa) | ||
| 980 | |a Trung tâm Học liệu Trường Đại học Cần Thơ | ||